00970nam a2200193 a 450000500170000000800410001704000140005804100080007204400070008010000350008724501640012226000530028630000100033952002760034965000370062565000390066266200370070166200380073820180803165358.0140129b2007 ck ||||| |||| 00| 0 spa d cCO-BoIAVH aspa ack aRuiz-Contreras, Luisa Fernanda aApoyo al establecimiento de herramientas de manejo del paisaje en el sector Cane- Iguaque y Laguna de Fúquene en los departamentos de Boyacá y Cundinamarca aBogotábInstituto Alexander von Humboldtc2007 a27 p. aPresenta el proceso de identificación de las especies arbóreas prioritarias para la propagación y siembra, así como la metodología para la recolección y tratamiento de los frutos, la obtención de las semillas, el rescate de plántulas y el manejo en vivero aEspecies Arbóreas prioritarias aHerramientas de manejo del paisaje aColombiacCane-IguaquebBoyacá aColombiacFúquenebCundinamarca